[Event "11. Hogeschool Zeeland Tournament"]
[Site "Vlissingen NED"]
[Date "2007.08.10"]
[Round "8.27"]
[White "Steenbekkers, Franck"]
[Black "Kalisvaart, Peter"]
[Result "1/2-1/2"]
[PlyCount "59"]
[EventDate "2007.08.04"]
[EventType "swiss"]
[EventRounds "9"]
[EventCountry "NED"]
[Source "lmi"]
[SourceDate "2007.08.04"]
[WhiteElo "2228"]
[BlackElo "2104"]

1. e4 e5 2. Nf3 Nc6 3. Bb5 Nd4 4. Nxd4 exd4 5. O-O Bc5 6. d3 c6 7. Ba4 Ne7 8.
f4 d5 9. f5 f6 10. Qh5+ Kd7 11. exd5 Nxd5 12. Qf7+ Ne7 13. Qxg7 Qf8 14. Bh6
Qxg7 15. Bxg7 Rg8 16. Bxf6 Rf8 17. Bxe7 Kxe7 18. f6+ Rxf6 19. Nd2 Bf5 20. Rae1+
Re6 21. Rxe6+ Bxe6 22. Re1 Bb4 23. Bb3 Bxd2 24. Rxe6+ Kd7 25. Rf6 Be3+ 26. Kf1
Re8 27. Rf7+ Re7 28. Rxe7+ Kxe7 29. Bg8 h6 30. c4 1/2-1/2

[Event "11. Hogeschool Zeeland Tournament"]
[Site "Vlissingen NED"]
[Date "2007.08.10"]
[Round "8.28"]
[White "Roggeveen, Pieter"]
[Black "Piket, Joop"]
[Result "0-1"]
[PlyCount "52"]
[EventDate "2007.08.04"]
[EventType "swiss"]
[EventRounds "9"]
[EventCountry "NED"]
[Source "lmi"]
[SourceDate "2007.08.04"]
[WhiteElo "2077"]
[BlackElo "2216"]

1. c4 Nf6 2. Nc3 g6 3. e4 d6 4. d4 Bg7 5. Be2 O-O 6. Bg5 c5 7. d5 h6 8. Bf4 a6
9. a4 Qa5 10. Bd2 Qc7 11. h4 e5 12. g4 Ne8 13. h5 f5 14. g5 f4 15. gxh6 Bxh6
16. hxg6 Bg7 17. Bh5 Nf6 18. Qf3 Bh8 19. Qg2 Nxh5 20. Rxh5 Nd7 21. f3 Nf6 22.
Rh1 Bd7 23. Nge2 Qb6 24. Nc1 Bg4 25. Rxh8+ Kxh8 26. Qg1 Qxb2 0-1

[Event "11. Hogeschool Zeeland Tournament"]
[Site "Vlissingen NED"]
[Date "2007.08.10"]
[Round "8.30"]
[White "Dek, Lennart"]
[Black "Colijn, Stefan"]
[Result "1/2-1/2"]
[PlyCount "58"]
[EventDate "2007.08.04"]
[EventType "swiss"]
[EventRounds "9"]
[EventCountry "NED"]
[Source "lmi"]
[SourceDate "2007.08.04"]
[WhiteElo "2207"]
[BlackElo "2075"]

1. e4 e5 2. Nf3 Nc6 3. Bc4 Nf6 4. d3 Bc5 5. c3 d5 6. exd5 Nxd5 7. Qb3 Be6 8.
Qxb7 Nde7 9. Qb5 Bxc4 10. dxc4 e4 11. Ng5 Bb6 12. c5 Qd5 13. b4 a5 14. Qe2 Ba7
15. a3 f5 16. O-O Ne5 17. Be3 Nd3 18. Bd4 O-O 19. Qa2 c6 20. Nd2 Bb8 21. Qxd5+
Nxd5 22. Nc4 axb4 23. axb4 Rxa1 24. Rxa1 N5f4 25. Ra6 h6 26. Nh3 Ne2+ 27. Kf1
Nxd4 28. cxd4 Nxb4 29. Ra4 Nd5 1/2-1/2

[Event "11. Hogeschool Zeeland Tournament"]
[Site "Vlissingen NED"]
[Date "2007.08.10"]
[Round "8.33"]
[White "Beeke, Bobby"]
[Black "Wee, Chu En Kelvin"]
[Result "0-1"]
[PlyCount "78"]
[EventDate "2007.08.04"]
[EventType "swiss"]
[EventRounds "9"]
[EventCountry "NED"]
[Source "lmi"]
[SourceDate "2007.08.04"]
[WhiteElo "2191"]
[BlackElo "1930"]

1. Nf3 Nf6 2. c4 g6 3. Nc3 Bg7 4. e4 d6 5. d4 O-O 6. Be2 c5 7. O-O cxd4 8. Nxd4
Nc6 9. Nc2 Be6 10. f3 Rc8 11. Be3 Na5 12. b3 Ng4 13. Bd4 Bxd4+ 14. Nxd4 Ne3 15.
Nxe6 Nxd1 16. Nxd8 Nxc3 17. Bd3 Rfxd8 18. Rfc1 Nxa2 19. Rxa2 Nxb3 20. Rc3 Nc5
21. Rxa7 Ra8 22. Raa3 Rdc8 23. Be2 Ra6 24. Re3 e5 25. g3 Kf8 26. Kg2 Rca8 27.
Rac3 Ra2 28. f4 f6 29. fxe5 fxe5 30. h4 Rd2 31. Kh3 Raa2 32. Bf3 Rh2+ 33. Kg4
h5+ 34. Kg5 Kg7 35. Bxh5 gxh5 36. Kxh5 Rhe2 37. Rf3 Rf2 38. Rfe3 Rae2 39. g4
Rxe3 0-1

[Event "11. Hogeschool Zeeland Tournament"]
[Site "Vlissingen NED"]
[Date "2007.08.10"]
[Round "8.34"]
[White "Niesert, Loet"]
[Black "Go, Benjamin"]
[Result "1/2-1/2"]
[PlyCount "41"]
[EventDate "2007.08.04"]
[EventType "swiss"]
[EventRounds "9"]
[EventCountry "NED"]
[Source "lmi"]
[SourceDate "2007.08.04"]
[WhiteElo "1895"]
[BlackElo "2180"]

1. e4 e5 2. Nf3 Nc6 3. d4 exd4 4. Nxd4 Bc5 5. Be3 Qf6 6. c3 Nge7 7. Bc4 O-O 8.
O-O Qg6 9. Nd2 d5 10. Nxc6 Qxc6 11. Bxc5 Qxc5 12. exd5 Nxd5 13. Qf3 Nf6 14. Bd3
Rd8 15. Ne4 Nxe4 16. Bxe4 c6 17. Rad1 Be6 18. Rxd8+ Rxd8 19. Rd1 Rxd1+ 20. Qxd1
Qe7 21. a3 1/2-1/2

[Event "11. Hogeschool Zeeland Tournament"]
[Site "Vlissingen NED"]
[Date "2007.08.10"]
[Round "8.35"]
[White "Foo, Benjamin"]
[Black "Van Leent, Dmitri"]
[Result "0-1"]
[PlyCount "80"]
[EventDate "2007.08.04"]
[EventType "swiss"]
[EventRounds "9"]
[EventCountry "NED"]
[Source "lmi"]
[SourceDate "2007.08.04"]
[WhiteElo "1840"]
[BlackElo "2222"]

1. d4 f5 2. Nf3 Nf6 3. g3 e6 4. Bg2 d5 5. b3 c6 6. Bb2 Bd6 7. e3 b6 8. Nbd2 Bb7
9. c4 Nbd7 10. Qc2 Qc7 11. a3 a5 12. O-O O-O 13. Rfc1 Ne4 14. Ne5 Rac8 15. Nxd7
Qxd7 16. Nxe4 fxe4 17. c5 Bc7 18. b4 Ba6 19. cxb6 Bxb6 20. bxa5 Bxa5 21. Qa4
Qc7 22. Bc3 Bxc3 23. Rxc3 Bb5 24. Qb4 Rb8 25. Qc5 Ba4 26. Rf1 Rb2 27. f4 exf3
28. Bxf3 Bb5 29. Rcc1 Bxf1 30. Rxf1 Qb7 31. Qd6 Qc8 32. a4 Rf6 33. Qa3 Qb8 34.
Qc3 Qb3 35. Qxc6 Qxe3+ 36. Kh1 Rb8 37. Bg2 Rxf1+ 38. Bxf1 Rf8 39. Qa6 Qf3+ 40.
Kg1 Qf2+ 0-1

[Event "11. Hogeschool Zeeland Tournament"]
[Site "Vlissingen NED"]
[Date "2007.08.10"]
[Round "8.37"]
[White "Avontuur, Theo"]
[Black "Hekhuis, Jeroen"]
[Result "0-1"]
[PlyCount "134"]
[EventDate "2007.08.04"]
[EventType "swiss"]
[EventRounds "9"]
[EventCountry "NED"]
[Source "lmi"]
[SourceDate "2007.08.04"]
[WhiteElo "2022"]
[BlackElo "2163"]

1. d4 Nf6 2. c4 e6 3. Nc3 d5 4. Bg5 c6 5. e3 Bb4 6. cxd5 exd5 7. Qc2 Nbd7 8.
Bd3 Qa5 9. Nge2 O-O 10. a3 Re8 11. O-O Be7 12. b4 Qd8 13. b5 h6 14. Bh4 c5 15.
dxc5 Nxc5 16. Bf5 Nce4 17. Nxe4 dxe4 18. Nd4 g6 19. Bxc8 Rxc8 20. Qb2 Ng4 21.
Bxe7 Qxe7 22. Rac1 Qe5 23. g3 Qh5 24. h4 Ne5 25. Rxc8 Rxc8 26. Rc1 Rd8 27. Qc3
Nd3 28. Rf1 Qg4 29. Kg2 Rc8 30. Qd2 Ne5 31. f3 exf3+ 32. Nxf3 Qe4 33. Qd1 Rc2+
34. Kh1 Ng4 35. Qd8+ Kh7 36. Qd4 Rh2+ 37. Kg1 Qc2 38. Nd2 Qa2 39. Qxg4 Rxd2 40.
Qf3 Rd7 41. e4 Qc4 42. e5 Qd4+ 43. Rf2 Qxe5 44. Qb3 Kg7 45. a4 Rc7 46. Kh2 f6
47. Qf3 Qd4 48. Qf4 Rc4 49. Rd2 Qxf4 50. gxf4 Rxf4 51. Rd7+ Kg8 52. a5 Rxh4+
53. Kg3 Ra4 54. Rxb7 Rxa5 55. Kf4 Ra4+ 56. Kg3 Rb4 57. Kf3 h5 58. Kg3 g5 59.
Kh3 Rb3+ 60. Kg2 h4 61. Kh2 g4 62. Kg2 Rb2+ 63. Kh1 h3 64. Rb8+ Kg7 65. Rb7+
Kg6 66. b6 g3 67. bxa7 Rxb7 0-1

[Event "11. Hogeschool Zeeland Tournament"]
[Site "Vlissingen NED"]
[Date "2007.08.10"]
[Round "8.38"]
[White "De Wolf, Johan"]
[Black "Munnik, Talitha"]
[Result "1/2-1/2"]
[PlyCount "64"]
[EventDate "2007.08.04"]
[EventType "swiss"]
[EventRounds "9"]
[EventCountry "NED"]
[Source "lmi"]
[SourceDate "2007.08.04"]
[WhiteElo "2162"]
[BlackElo "2005"]

1. d4 d5 2. Nf3 Nf6 3. c4 e6 4. g3 dxc4 5. Qa4+ Nbd7 6. Qxc4 a6 7. Bf4 Nd5 8.
Bg5 f6 9. Bd2 c5 10. dxc5 Nxc5 11. Bg2 b5 12. Qc2 Bb7 13. O-O Bd6 14. e4 Nb6
15. e5 fxe5 16. Ba5 Be4 17. Qd1 Qb8 18. Nbd2 Bd5 19. Ng5 Ra7 20. Rc1 Rd7 21.
Nde4 Nxe4 22. Nxe4 Be7 23. Bxb6 Qxb6 24. Rc8+ Rd8 25. Rxd8+ Qxd8 26. Qh5+ g6
27. Qxe5 O-O 28. b3 Bf6 29. Nxf6+ Qxf6 30. Qxf6 Rxf6 31. f4 Bxg2 32. Kxg2 e5
1/2-1/2

[Event "11. Hogeschool Zeeland Tournament"]
[Site "Vlissingen NED"]
[Date "2007.08.10"]
[Round "8.39"]
[White "Westerweele, Henrik"]
[Black "In 't Veld, Daan"]
[Result "0-1"]
[PlyCount "42"]
[EventDate "2007.08.04"]
[EventType "swiss"]
[EventRounds "9"]
[EventCountry "NED"]
[Source "lmi"]
[SourceDate "2007.08.04"]
[WhiteElo "2018"]
[BlackElo "2161"]

1. e4 e5 2. Nf3 Nc6 3. d4 exd4 4. Bc4 Nf6 5. O-O Bc5 6. e5 d5 7. exf6 dxc4 8.
fxg7 Rg8 9. Bg5 Be7 10. Bxe7 Kxe7 11. Re1+ Be6 12. Re4 d3 13. Nc3 Rxg7 14. cxd3
Qxd3 15. Nd5+ Kf8 16. Qxd3 cxd3 17. Nxc7 Bh3 18. g3 Rg4 19. Rae1 Rxe4 20. Rxe4
Rc8 21. Nb5 Nd4 0-1

[Event "11. Hogeschool Zeeland Tournament"]
[Site "Vlissingen NED"]
[Date "2007.08.10"]
[Round "8.40"]
[White "Van Gool, Henk"]
[Black "Sinke, Wim"]
[Result "1-0"]
[PlyCount "33"]
[EventDate "2007.08.04"]
[EventType "swiss"]
[EventRounds "9"]
[EventCountry "NED"]
[Source "lmi"]
[SourceDate "2007.08.04"]
[WhiteElo "2149"]
[BlackElo "1983"]

1. e4 e6 2. d4 d5 3. Nd2 Nf6 4. e5 Nfd7 5. Bd3 c5 6. c3 Nc6 7. Ne2 Be7 8. O-O
cxd4 9. cxd4 Qb6 10. Nf3 f6 11. exf6 Nxf6 12. Re1 O-O 13. Nf4 Nd8 14. Qc2 Qc6
15. Qb1 Bb4 16. Ng5 Ne4 17. Rxe4 1-0

[Event "11. Hogeschool Zeeland Tournament"]
[Site "Vlissingen NED"]
[Date "2007.08.10"]
[Round "8.43"]
[White "Friesen, Boris"]
[Black "Roggeveen, Wouter"]
[Result "1-0"]
[PlyCount "49"]
[EventDate "2007.08.04"]
[EventType "swiss"]
[EventRounds "9"]
[EventCountry "NED"]
[Source "lmi"]
[SourceDate "2007.08.04"]
[WhiteElo "2139"]
[BlackElo "1941"]

1. e4 e5 2. Nf3 Nc6 3. Bb5 f5 4. Nc3 fxe4 5. Nxe4 d5 6. Nxe5 dxe4 7. Nxc6 Qg5
8. Qe2 Nf6 9. f4 Qxf4 10. Ne5+ c6 11. d4 Qh4+ 12. g3 Qh3 13. Bc4 Be6 14. Bg5
Be7 15. O-O-O O-O-O 16. g4 Bxc4 17. Qxc4 Rd5 18. Bxf6 Bxf6 19. Nxc6 Rd7 20.
Nxa7+ Kb8 21. Nb5 Rc7 22. Qe6 Re7 23. Qd6+ Ka8 24. Qb6 Rb8 25. Qa7# 1-0

[Event "11. Hogeschool Zeeland Tournament"]
[Site "Vlissingen NED"]
[Date "2007.08.10"]
[Round "8.44"]
[White "De Wit, Gerard"]
[Black "Soors, Stef"]
[Result "1-0"]
[PlyCount "113"]
[EventDate "2007.08.04"]
[EventType "swiss"]
[EventRounds "9"]
[EventCountry "NED"]
[Source "lmi"]
[SourceDate "2007.08.04"]
[WhiteElo "2003"]
[BlackElo "2126"]

1. d4 d5 2. c4 c6 3. Nf3 Nf6 4. Nc3 e6 5. Bg5 h6 6. Bxf6 Qxf6 7. e3 Bd6 8. Bd3
O-O 9. O-O Nd7 10. e4 dxc4 11. e5 Qd8 12. Bxc4 Be7 13. Rc1 Qa5 14. a3 b5 15.
Bd3 b4 16. axb4 Qxb4 17. Qe2 Bb7 18. Qe4 g6 19. Qg4 Kg7 20. Bxg6 fxg6 21. Qxe6
Nb8 22. Na2 Bc8 23. Qf6+ Bxf6 24. exf6+ Rxf6 25. Nxb4 Bg4 26. Ne5 Be2 27. Rfe1
Bb5 28. d5 a5 29. Nbxc6 Nxc6 30. Nxc6 Bxc6 31. dxc6 Rf7 32. Re5 Rc7 33. b3 Ra6
34. g3 Rcxc6 35. Rxc6 Rxc6 36. Rxa5 Rb6 37. Ra3 Kf6 38. Kf1 Kf5 39. Ke2 g5 40.
h3 h5 41. Kd3 Rd6+ 42. Kc4 Rc6+ 43. Kd5 Rc3 44. Kd4 Rf3 45. Ra5+ Kg6 46. b4
Rxf2 47. Ra3 Rh2 48. b5 Rxh3 49. b6 Rh1 50. Rb3 Rd1+ 51. Ke5 Rd8 52. b7 Rb8 53.
Rb6+ Kf7 54. Kd6 h4 55. gxh4 gxh4 56. Kc7 Rxb7+ 57. Kxb7 1-0

[Event "11. Hogeschool Zeeland Tournament"]
[Site "Vlissingen NED"]
[Date "2007.08.10"]
[Round "8.45"]
[White "Van de Wynkele, Eric"]
[Black "Van Dort, Lars"]
[Result "0-1"]
[PlyCount "156"]
[EventDate "2007.08.04"]
[EventType "swiss"]
[EventRounds "9"]
[EventCountry "NED"]
[Source "lmi"]
[SourceDate "2007.08.04"]
[WhiteElo "1998"]
[BlackElo "2109"]

1. e4 e6 2. d4 d5 3. Nc3 Nf6 4. e5 Nfd7 5. f4 c5 6. Nf3 Nc6 7. Be3 a6 8. Qd2 b5
9. dxc5 Bxc5 10. Bxc5 Nxc5 11. Qf2 Qb6 12. b4 Nd7 13. Rb1 Bb7 14. a4 bxa4 15.
Nxa4 Qc7 16. Bd3 Ne7 17. O-O Bc6 18. Nc5 Bb5 19. Bxb5 axb5 20. Nd4 Qb6 21. Ra1
Rb8 22. Ra6 Qc7 23. Nxd7 Qxd7 24. g4 O-O 25. f5 exf5 26. gxf5 Qb7 27. Ra5 Nc6
28. Rxb5 Qa6 29. Rxb8 Rxb8 30. b5 Rxb5 31. Nxb5 Qxb5 32. e6 f6 33. Ra1 h6 34.
Qe3 Qb4 35. Rf1 Ne5 36. h3 d4 37. Qb3 Qe7 38. Qd5 Kh7 39. Qxd4 Qa3 40. c3 Qe7
41. Kg2 Qb7+ 42. Kg3 Qc7 43. Rd1 Qc6 44. Qe3 Qc7 45. Kg2 Qb7+ 46. Kf2 Qb2+ 47.
Rd2 Qb7 48. Qe2 Qa7+ 49. Qe3 Qb7 50. Rd4 Qb2+ 51. Kg3 Qb7 52. c4 Qc7 53. Kh4
Qc5 54. Qe4 Nf3+ 55. Kg4 Nxd4 56. e7 h5+ 57. Kg3 Nxf5+ 58. Kg2 Qxe7 59. Qxf5+
Kh6 60. c5 g6 61. Qd5 Qe2+ 62. Kg1 Qe3+ 63. Kg2 h4 64. c6 Qg3+ 65. Kf1 Qxh3+
66. Ke2 Qg4+ 67. Kf1 Qf4+ 68. Ke2 g5 69. Qf3 Qc4+ 70. Kd2 Qb4+ 71. Kc2 Qd6 72.
Kb3 f5 73. Qxf5 Qxc6 74. Qf8+ Kh5 75. Qh8+ Kg4 76. Qf8 Qd5+ 77. Ka4 Qe4+ 78.
Kb3 Qf3+ 0-1

[Event "11. Hogeschool Zeeland Tournament"]
[Site "Vlissingen NED"]
[Date "2007.08.11"]
[Round "9.3"]
[White "De Jong, Migchiel"]
[Black "Peralta, Fernando"]
[Result "1-0"]
[PlyCount "117"]
[EventDate "2007.08.04"]
[EventType "swiss"]
[EventRounds "9"]
[EventCountry "NED"]
[Source "lmi"]
[SourceDate "2007.08.04"]
[WhiteElo "2286"]
[BlackElo "2546"]

1. e4 d6 2. d4 Nf6 3. Nc3 g6 4. Nf3 Bg7 5. Be2 O-O 6. O-O c6 7. Re1 Nbd7 8. Bf4
Qb6 9. a3 e5 10. dxe5 dxe5 11. Be3 Qc7 12. Nd2 Rd8 13. Bc4 b5 14. Ba2 Nf8 15.
Qf3 Be6 16. Nb3 N6d7 17. Bg5 Re8 18. Rad1 a5 19. Be3 Nb6 20. Bxb6 Qxb6 21. Qe3
Nd7 22. Nxa5 Bxa2 23. Nxa2 Qc7 24. b4 Bf8 25. c4 bxc4 26. Nxc4 Reb8 27. Qc3 c5
28. Ne3 Qa7 29. Ng4 Bg7 30. Rd3 Rc8 31. Qd2 Nf8 32. Nc3 h5 33. Ne3 Qxa3 34.
Ncd5 Qa7 35. b5 Rab8 36. Nc4 Rxb5 37. Nd6 Rcb8 38. Nxb5 Rxb5 39. Nc3 Rb4 40.
Rd1 Qb7 41. Rd8 Rd4 42. Qa2 Qb4 43. R8xd4 cxd4 44. Nd5 Qc5 45. g3 Kh7 46. Rb1
Ne6 47. h4 Qc8 48. Kg2 Qc6 49. Rb6 Qc1 50. Rb7 d3 51. Rxf7 d2 52. Ne3 Nf4+ 53.
gxf4 d1=Q 54. Nxd1 Qxd1 55. Qe6 Qe2 56. Qd7 Qxe4+ 57. Kh2 Kh6 58. Rxg7 Qxf4+
59. Kg1 1-0

[Event "11. Hogeschool Zeeland Tournament"]
[Site "Vlissingen NED"]
[Date "2007.08.11"]
[Round "9.7"]
[White "D`Costa, Lorin A R"]
[Black "Ikonnikov, Vyacheslav"]
[Result "1-0"]
[PlyCount "59"]
[EventDate "2007.08.04"]
[EventType "swiss"]
[EventRounds "9"]
[EventCountry "NED"]
[Source "lmi"]
[SourceDate "2007.08.04"]
[WhiteElo "2384"]
[BlackElo "2558"]

1. Nf3 c5 2. c4 Nc6 3. g3 e5 4. Nc3 d6 5. Bg2 g6 6. O-O Bg7 7. a3 Nge7 8. d3
O-O 9. Rb1 a5 10. Ne1 Be6 11. Nc2 d5 12. cxd5 Nxd5 13. Bd2 a4 14. Ne3 Nxc3 15.
bxc3 Bb3 16. Qc1 Rc8 17. c4 Nd4 18. Re1 Rb8 19. Nd5 b5 20. Bc3 bxc4 21. dxc4
Qd6 22. e3 Ne6 23. Rb2 Kh8 24. Rd2 Qa6 25. Qa1 f6 26. f4 exf4 27. gxf4 f5 28.
Nc7 Qxc4 29. Bxg7+ Nxg7 30. Bd5 1-0

[Event "11. Hogeschool Zeeland Tournament"]
[Site "Vlissingen NED"]
[Date "2007.08.11"]
[Round "9.8"]
[White "Barua, Dibyendu"]
[Black "Afek, Yochanan"]
[Result "1-0"]
[PlyCount "129"]
[EventDate "2007.08.04"]
[EventType "swiss"]
[EventRounds "9"]
[EventCountry "NED"]
[Source "lmi"]
[SourceDate "2007.08.04"]
[WhiteElo "2462"]
[BlackElo "2350"]

1. e4 c5 2. Nf3 Nf6 3. Nc3 Nc6 4. d4 d5 5. e5 Ne4 6. Bd3 Nxc3 7. bxc3 c4 8. Be2
Bf5 9. Nh4 Bd7 10. O-O e6 11. g3 Be7 12. Ng2 Qa5 13. Bd2 O-O-O 14. f4 f5 15.
exf6 gxf6 16. Kh1 f5 17. Bh5 Rdg8 18. Re1 Nd8 19. Re3 Qa4 20. Ne1 Be8 21. Bxe8
Qxe8 22. Nf3 h5 23. Be1 h4 24. gxh4 Rg4 25. Bg3 Bd6 26. Ne5 Bxe5 27. dxe5 Nc6
28. Rf3 Qd7 29. Qe2 b6 30. Bf2 Ne7 31. h3 Rg7 32. a4 Nc6 33. Rg3 Rxg3 34. Bxg3
Na5 35. Kh2 Qc6 36. Bf2 Nb7 37. Qe3 Nc5 38. a5 Ne4 39. axb6 axb6 40. Ra6 d4 41.
cxd4 Nxf2 42. Qxf2 Kb7 43. Ra1 Qe4 44. Re1 Qd5 45. Rg1 b5 46. c3 Ra8 47. Qg2
Kc6 48. Rb1 Qxg2+ 49. Kxg2 Ra3 50. Rc1 Kd5 51. h5 Ke4 52. Re1+ Kxf4 53. d5 Ra2+
54. Kf1 exd5 55. e6 Ra8 56. e7 Re8 57. h6 b4 58. cxb4 c3 59. h7 d4 60. h8=Q
Rxh8 61. e8=Q Rxe8 62. Rxe8 c2 63. Rc8 d3 64. Ke1 Ke3 65. Re8+ 1-0

[Event "11. Hogeschool Zeeland Tournament"]
[Site "Vlissingen NED"]
[Date "2007.08.11"]
[Round "9.11"]
[White "Sengupta, Deep"]
[Black "Verduyn, Frederic"]
[Result "1/2-1/2"]
[PlyCount "164"]
[EventDate "2007.08.04"]
[EventType "swiss"]
[EventRounds "9"]
[EventCountry "NED"]
[Source "lmi"]
[SourceDate "2007.08.04"]
[WhiteElo "2435"]
[BlackElo "2210"]

1. e4 g6 2. Nc3 Bg7 3. Bc4 d6 4. f4 a6 5. a4 c5 6. Nf3 Nc6 7. d3 e6 8. O-O Nge7
9. Qe1 Nd4 10. Qf2 Bd7 11. Be3 Nec6 12. Rae1 Nxf3+ 13. Qxf3 Nd4 14. Qf2 b5 15.
Bb3 O-O 16. Kh1 Qb6 17. axb5 axb5 18. e5 dxe5 19. fxe5 Bc6 20. Bg5 Qb7 21. Bf6
Bxf6 22. exf6 Nxb3 23. cxb3 Rad8 24. Ne4 Bxe4 25. dxe4 h6 26. Qxc5 Rd3 27. Qc1
Kh7 28. Re3 Qd7 29. Qc5 Rd8 30. Rxd3 Qxd3 31. Re1 Qd2 32. Rg1 Qd4 33. Qe7 Kg8
34. h3 Rc8 35. Qb7 Rd8 36. Qe7 Rc8 37. Qb7 Rd8 38. Qxb5 Qxf6 39. Qe2 Qg5 40.
Rd1 Rxd1+ 41. Qxd1 Qe3 42. Qc2 h5 43. b4 Qe1+ 44. Kh2 Qxb4 45. Kg3 Qd6+ 46. Kf3
h4 47. Ke2 Qd4 48. b3 Qd6 49. Qd3 Qh2 50. Qf3 Qe5 51. Kd3 Qb5+ 52. Kc2 Qc5+ 53.
Qc3 Qf2+ 54. Qd2 Qc5+ 55. Kb1 Qe5 56. Qd3 Qc5 57. Qd2 Qe5 58. Qd8+ Kg7 59. Qd3
f5 60. exf5 gxf5 61. Kc2 Kf7 62. b4 Qe1 63. Kb3 Qg3 64. Kc4 Qxg2 65. b5 Qa2+
66. Kc5 Qf2+ 67. Kc6 Qg2+ 68. Kc5 Qf2+ 69. Kb4 Qb2+ 70. Ka5 Qa2+ 71. Kb6 Qf2+
72. Ka6 Qa2+ 73. Kb7 Qd5+ 74. Qxd5 exd5 75. b6 f4 76. Kc6 f3 77. b7 f2 78. b8=Q
f1=Q 79. Qc7+ Kg6 80. Qd7 Qc4+ 81. Kd6 Qf4+ 82. Kc5 Qc4+ 1/2-1/2

[Event "11. Hogeschool Zeeland Tournament"]
[Site "Vlissingen NED"]
[Date "2007.08.11"]
[Round "9.12"]
[White "Kuipers, Stefan"]
[Black "Van Riemsdijk, Herman C"]
[Result "0-1"]
[PlyCount "78"]
[EventDate "2007.08.04"]
[EventType "swiss"]
[EventRounds "9"]
[EventCountry "NED"]
[Source "lmi"]
[SourceDate "2007.08.04"]
[WhiteElo "2245"]
[BlackElo "2420"]

1. e4 d6 2. d4 Nf6 3. Nc3 g6 4. f4 Bg7 5. Nf3 O-O 6. Be2 c5 7. e5 Nfd7 8. Ne4
cxd4 9. exd6 Nc6 10. O-O e6 11. c4 Qb6 12. Bd3 f5 13. Neg5 Nc5 14. Ne1 a5 15.
Ngf3 e5 16. fxe5 Nxe5 17. Bf4 Ncxd3 18. Nxd3 Nxc4 19. Qb3 Qxb3 20. axb3 Ne3 21.
Rfc1 Rd8 22. Nd2 Bf8 23. Ra4 Nd5 24. Rxd4 Nxf4 25. Nxf4 Rxd6 26. Nf3 Bd7 27.
Nd3 Rxd4 28. Nxd4 Bg7 29. Nf3 Rc8 30. Rxc8+ Bxc8 31. Nd2 Be6 32. Kf1 Kf8 33.
Nc4 a4 34. Nc5 Bg8 35. Nd2 Bxb2 36. bxa4 Bd5 37. g3 Ke7 38. Ke2 Bd4 39. Nd3 Kd6
0-1

[Event "11. Hogeschool Zeeland Tournament"]
[Site "Vlissingen NED"]
[Date "2007.08.11"]
[Round "9.14"]
[White "Muter, Donny"]
[Black "Leenhouts, Koen"]
[Result "0-1"]
[PlyCount "135"]
[EventDate "2007.08.04"]
[EventType "swiss"]
[EventRounds "9"]
[EventCountry "NED"]
[Source "lmi"]
[SourceDate "2007.08.04"]
[WhiteElo "2212"]
[BlackElo "2395"]

1. d4 Nf6 2. Nf3 g6 3. Bg5 Bg7 4. Nbd2 d6 5. c3 O-O 6. e4 Nc6 7. Bc4 Nxe4 8.
Nxe4 d5 9. Bd3 dxe4 10. Bxe4 h6 11. Be3 f5 12. Bc2 f4 13. Bd2 e5 14. Bxg6 e4
15. Bxe4 Re8 16. Qe2 Bf5 17. Bxf5 Rxe2+ 18. Kxe2 Qd5 19. Bc2 Kf8 20. Bxf4 Re8+
21. Be3 Qb5+ 22. Kd2 Na5 23. b3 c5 24. Bd3 Qd7 25. dxc5 Rd8 26. Bd4 Nc6 27. Bb5
Qg4 28. Bxc6 bxc6 29. Rhg1 Qf4+ 30. Kc2 Qe4+ 31. Kd2 h5 32. Kc1 Bh6+ 33. Kb2
Qe2+ 34. Ka3 a5 35. Rad1 Kg8 36. Ne5 Bf8 37. Rde1 Qb5 38. Kb2 Bxc5 39. Nf3 Bxd4
40. Nxd4 Qb6 41. Re2 c5 42. Nc2 Rd3 43. Na3 Qf6 44. Rc1 Qf4 45. g3 Qf3 46. Rce1
Qf6 47. Rc2 a4 48. h4 Kf7 49. Re4 axb3 50. axb3 Rf3 51. Ree2 Kg8 52. Nc4 Rd3
53. Red2 Rf3 54. Rd6 Qf8 55. Rg6+ Kh7 56. Rg5 Rxf2 57. Rxh5+ Kg6 58. Rg5+ Kh6
59. Ne3 Rxc2+ 60. Kxc2 Kh7 61. Kd3 Qd6+ 62. Ke4 Qc6+ 63. Rd5 Qe6+ 64. Re5 Qg6+
65. Nf5 Qc6+ 66. Kf4 c4 67. b4 Qg2 68. h5 0-1

[Event "11. Hogeschool Zeeland Tournament"]
[Site "Vlissingen NED"]
[Date "2007.08.11"]
[Round "9.15"]
[White "Tiggelman, Rene"]
[Black "Meinhardt, Maximilian"]
[Result "0-1"]
[PlyCount "88"]
[EventDate "2007.08.04"]
[EventType "swiss"]
[EventRounds "9"]
[EventCountry "NED"]
[Source "lmi"]
[SourceDate "2007.08.04"]
[WhiteElo "2210"]
[BlackElo "2378"]

1. d4 e6 2. Nf3 c5 3. c4 d5 4. cxd5 exd5 5. g3 Nc6 6. Bg2 Nf6 7. O-O Be7 8. Nc3
O-O 9. dxc5 Bxc5 10. Bg5 d4 11. Bxf6 Qxf6 12. Nd5 Qf5 13. Nd2 Rd8 14. Nf4 Bd6
15. Nd3 Be6 16. Ne4 Bd5 17. Nxd6 Rxd6 18. Bxd5 Rxd5 19. Qd2 Re8 20. Rfe1 g5 21.
Nb4 Rd6 22. Nxc6 bxc6 23. Qd3 Qh3 24. Qf3 Rh6 25. Qg2 Qg4 26. Kf1 Rhe6 27. h3
Qf5 28. Rad1 c5 29. Rd2 c4 30. Kg1 d3 31. e3 Qa5 32. Red1 Qxa2 33. Qd5 Re5 34.
Qd4 Re4 35. Qd5 R4e5 36. Qd4 Re4 37. Qd5 R8e5 38. Qd8+ Kg7 39. f4 Qa5 40. Qc8
Re8 41. Qg4 Rxe3 42. h4 Re1+ 43. Kh2 Qd5 44. Rg2 R8e2 0-1

[Event "11. Hogeschool Zeeland Tournament"]
[Site "Vlissingen NED"]
[Date "2007.08.11"]
[Round "9.16"]
[White "Van Dooren, Dirk"]
[Black "Sprangers, Remco"]
[Result "1/2-1/2"]
[PlyCount "85"]
[EventDate "2007.08.04"]
[EventType "swiss"]
[EventRounds "9"]
[EventCountry "NED"]
[Source "lmi"]
[SourceDate "2007.08.04"]
[WhiteElo "2331"]
[BlackElo "2191"]

1. f4 d5 2. Nf3 c5 3. g3 Nc6 4. Bg2 Nf6 5. O-O h5 6. d3 Qd6 7. Nc3 Bf5 8. Nh4
g6 9. e4 dxe4 10. Nxf5 gxf5 11. dxe4 Qd4+ 12. Qxd4 cxd4 13. Nb5 O-O-O 14. exf5
a6 15. Na3 h4 16. Bf3 hxg3 17. hxg3 Bg7 18. Bd2 Nd5 19. Nc4 Kc7 20. Rae1 Bf6
21. a3 Kb8 22. Kg2 Rhg8 23. Rh1 Rg7 24. g4 b5 25. Ne5 Bxe5 26. fxe5 Kc7 27. Rh6
f6 28. exf6 exf6 29. Re6 Ne5 30. Bxd5 Rxd5 31. g5 fxg5 32. Rxa6 Kb8 33. Be1 d3
34. cxd3 Nxd3 35. Bg3+ Nf4+ 36. Kf3 Rxf5 37. Kg4 Rd5 38. b4 Rc7 39. Rhb6+ Kc8
40. Ra5 Rc4 41. Rbxb5 Ne2+ 42. Kf3 Rxb5 43. Kxe2 1/2-1/2

[Event "11. Hogeschool Zeeland Tournament"]
[Site "Vlissingen NED"]
[Date "2007.08.11"]
[Round "9.17"]
[White "Piasetski, Leon"]
[Black "Sijpkens, Michiel"]
[Result "1/2-1/2"]
[PlyCount "134"]
[EventDate "2007.08.04"]
[EventType "swiss"]
[EventRounds "9"]
[EventCountry "NED"]
[Source "lmi"]
[SourceDate "2007.08.04"]
[WhiteElo "2307"]
[BlackElo "2174"]

1. Nf3 g6 2. d4 Nf6 3. c4 Bg7 4. g3 d6 5. Nc3 O-O 6. Bg2 Nfd7 7. h4 Nb6 8. b3
c5 9. Bb2 h5 10. d5 a5 11. a4 Na6 12. Qd2 Nb4 13. O-O-O Bf5 14. e4 Bg4 15. Ng5
Bxd1 16. Rxd1 Nd7 17. f4 Nf6 18. Bh3 Ng4 19. Bxg4 hxg4 20. h5 gxh5 21. Qh2 f6
22. Ne6 Qe8 23. f5 Qf7 24. Ne2 Kh7 25. Kb1 Rh8 26. e5 Kg8 27. exd6 exd6 28. Nc3
h4 29. Ne4 Qh5 30. Nxg7 Kxg7 31. Bxf6+ Kg8 32. Bg5 Qf7 33. Nf6+ Kg7 34. gxh4
Rae8 35. Qxd6 Re2 36. Qxc5 Rh6 37. Bxh6+ Kxh6 38. Nxg4+ Kh7 39. Rf1 Qg7 40.
Nf6+ Qxf6 41. Qc7+ Re7 42. Qg3 Rg7 43. Qf3 Qh6 44. f6 Qg6+ 45. Qf5 Qxf5+ 46.
Rxf5 Rg1+ 47. Kb2 Rg2+ 48. Kc3 Rc2+ 49. Kd4 Kg8 50. Rg5+ Kf7 51. Rg7+ Kxf6 52.
Rxb7 Rb2 53. Rb5 Rxb3 54. Rxa5 Rh3 55. Kc5 Nd3+ 56. Kb5 Rxh4 57. Ra7 Ke5 58.
Ra6 Kd4 59. Rc6 Rh1 60. d6 Ne5 61. Rc7 Rb1+ 62. Ka6 Rb8 63. c5 Kd5 64. Ka7 Rb4
65. d7 Rxa4+ 66. Kb7 Nxd7 67. Rxd7+ Kxc5 1/2-1/2